Taylor Swift - Colors in Song Titles - Statistics

General Stats
  • This quiz has been taken 79 times
  • The average score is 4 of 7
Answer Stats
Answer % Correct
Red
100%
Maroon
68%
Lavender Haze
64%
White Horse
61%
gold rush
45%
The Black Dog
39%
ivy
23%
No matching quizzes found
Score Distribution
Percent of People with Each Score
Percentile by Number Answered
Your Score History
You have not taken this quiz